[Event "DRUGA LIGA SRBIJE-GRUPA VOJVODINA-2019."]
[Site "Kovacica"]
[Date "2019.11.03"]
[Round "3.2"]
[White "Muskinja, Luka"]
[Black "Stamenkovic, Aleksandar"]
[Result "1-0"]
[WhiteElo "1810"]
[BlackElo "2178"]
[PlyCount "85"]
[EventDate "2019.11.01"]
[WhiteTeam "SK Sloga Indjija"]
[BlackTeam "SK Mladost Nova Pazova"]

1. Nf3 Nf6 2. b3 d5 3. Bb2 e6 4. e3 Be7 5. d4 O-O 6. Bd3 Nbd7 7. Nbd2 c5 8. O-O
b6 9. c4 Bb7 10. Ne5 cxd4 11. exd4 dxc4 12. Ndxc4 b5 13. Ne3 a6 14. f4 Nb6 15.
f5 Nbd5 16. Nxd5 exd5 17. Qe2 Ne4 18. Ng4 Nf6 19. Ne5 Bd6 20. Rae1 Bb4 21. Rd1
Rc8 22. Bc1 Qb6 23. Qf2 Rfe8 24. Kh1 Bd6 25. Bf4 Nh5 26. g3 Nxf4 27. gxf4 f6
28. Qh4 Qxd4 29. Ng4 Bxf4 30. Rxf4 Qc3 31. Kg1 Re7 32. Qg3 Rce8 33. Bf1 Qc5+
34. Qf2 Qc3 35. Rf3 Qb4 36. Rg3 Kh8 37. Qd4 Qd6 38. Bg2 Re2 39. Re3 R8xe3 40.
Nxe3 Rxa2 41. Nxd5 Qc6 42. Be4 Qd6 43. Nf4 1-0

[Event "DRUGA LIGA SRBIJE-GRUPA VOJVODINA-2019."]
[Site "Kovacica"]
[Date "2019.11.03"]
[Round "3.2"]
[White "Gavric, Zivojin"]
[Black "Majstorovic, Stanko"]
[Result "1-0"]
[WhiteElo "2108"]
[BlackElo "2078"]
[PlyCount "155"]
[EventDate "2019.11.01"]
[WhiteTeam "SK Mladost Nova Pazova"]
[BlackTeam "SK Sloga Indjija"]

1. d4 Nf6 2. Nf3 d5 3. Bf4 c5 4. c3 Qb6 5. Qb3 Qxb3 6. axb3 Nc6 7. dxc5 e5 8.
Nxe5 Bxc5 9. e3 Nh5 10. Nd3 Nxf4 11. Nxf4 Be6 12. Bb5 O-O-O 13. b4 Bb6 14. Bxc6
bxc6 15. Nxe6 fxe6 16. Nd2 e5 17. O-O Rhe8 18. Rfe1 Rd7 19. Nb3 Rf7 20. Re2 g5
21. Nc5 g4 22. Rd1 a5 23. Na4 Kc7 24. Nxb6 Kxb6 25. bxa5+ Kxa5 26. Ra1+ Kb5 27.
b3 Rb8 28. Rea2 Kc5 29. Ra5+ Kd6 30. b4 h5 31. Rd1 e4 32. c4 Rxb4 33. cxd5 c5
34. Ra6+ Ke5 35. Rh6 Rb2 36. Rxh5+ Kd6 37. Rh6+ Kd7 38. Ra1 Kc8 39. Rg6 Rfxf2
40. Rxg4 Rfd2 41. h4 Rxd5 42. Rxe4 Kb7 43. Re7+ Kb6 44. Ra8 Re2 45. Rb8+ Kc6
46. Re6+ Kd7 47. Ree8 Rd1+ 48. Kh2 Rde1 49. Rbd8+ Kc6 50. Re5 Rc2 51. h5 Ree2
52. Rg8 Kd6 53. Ree8 Rc4 54. Kg3 Rcc2 55. Kh3 Re1 56. Rg6+ Kd7 57. Re5 Rc3 58.
h6 Rexe3+ 59. Rxe3 Rxe3+ 60. Kg4 Re8 61. Kf5 c4 62. Rg7+ Kd6 63. h7 Rh8 64. Kg6
c3 65. Ra7 Rc8 66. Ra1 Kd5 67. g4 Rc6+ 68. Kg5 Rc8 69. Kf5 Kd4 70. g5 Kd3 71.
g6 Rc5+ 72. Kg4 Rc4+ 73. Kg5 Rc5+ 74. Kf6 Rc6+ 75. Kg7 Rc7+ 76. Kh6 Rc8 77. g7
Rc6+ 78. Kg5 1-0

[Event "DRUGA LIGA SRBIJE-GRUPA VOJVODINA-2019."]
[Site "Kovacica"]
[Date "2019.11.03"]
[Round "3.6"]
[White "Dedebas, Emre Emin"]
[Black "Bokros, Albert"]
[Result "1/2-1/2"]
[WhiteElo "2345"]
[BlackElo "2471"]
[PlyCount "22"]
[EventDate "2019.11.01"]
[WhiteTeam "SK Vojvodina Novi Sad"]
[BlackTeam "SK Krajina Krajisnik"]

1. d4 Nf6 2. c4 e6 3. Nf3 d5 4. Nc3 Bb4 5. Bg5 h6 6. Bxf6 Qxf6 7. e3 O-O 8. Rc1
dxc4 9. Bxc4 c5 10. dxc5 Bxc5 11. Qc2 Qe7 1/2-1/2

[Event "DRUGA LIGA SRBIJE-GRUPA VOJVODINA-2019."]
[Site "Kovacica"]
[Date "2019.11.03"]
[Round "3.6"]
[White "Robulj, Nenad"]
[Black "Savanovic, Vuk"]
[Result "1/2-1/2"]
[WhiteElo "2286"]
[BlackElo "2250"]
[PlyCount "43"]
[EventDate "2019.11.01"]
[WhiteTeam "SK Krajina Krajisnik"]
[BlackTeam "SK Vojvodina Novi Sad"]

1. e4 c5 2. Nf3 Nc6 3. Bb5 g6 4. O-O Bg7 5. c3 Nf6 6. Re1 O-O 7. h3 a6 8. Ba4
b5 9. Bc2 Bb7 10. d3 e5 11. Nbd2 d5 12. a4 d4 13. c4 b4 14. Nf1 h6 15. Ng3 Qd6
16. Nh4 Nh7 17. Rf1 Nd8 18. Bd2 Qf6 19. Nf3 Ne6 20. Nh2 h5 21. Ne2 Nf4 22. Nxf4
1/2-1/2

[Event "DRUGA LIGA SRBIJE-GRUPA VOJVODINA-2019."]
[Site "Kovacica"]
[Date "2019.11.03"]
[Round "3.6"]
[White "Dragojlovic, Andjelko"]
[Black "Levnajic, Pavle"]
[Result "1-0"]
[WhiteElo "2277"]
[BlackElo "2217"]
[PlyCount "120"]
[EventDate "2019.11.01"]
[WhiteTeam "SK Vojvodina Novi Sad"]
[BlackTeam "SK Krajina Krajisnik"]

1. e4 c6 2. d4 d5 3. Nd2 dxe4 4. Nxe4 Bf5 5. Ng3 Bg6 6. Nf3 Nd7 7. h4 h6 8. h5
Bh7 9. Bd3 Bxd3 10. Qxd3 e6 11. Bf4 Qa5+ 12. Bd2 Qc7 13. O-O-O Ngf6 14. Kb1
O-O-O 15. c4 Bd6 16. Ne4 Nxe4 17. Qxe4 Nf6 18. Qe2 c5 19. Bc3 cxd4 20. Nxd4 a6
21. Nb3 Qc6 22. f3 Bc7 23. g4 Rxd1+ 24. Rxd1 Rd8 25. Bxf6 Rxd1+ 26. Qxd1 gxf6
27. Qd3 Be5 28. a3 Qa4 29. Ka2 Qc6 30. Qe4 Qc7 31. c5 Kb8 32. Qh7 Bf4 33. Qh8+
Ka7 34. Qxf6 Be3 35. Qc3 Qf4 36. c6 Bb6 37. cxb7 Kxb7 38. Qd3 Kc7 39. Qxa6 Qxf3
40. Qc4+ Kb8 41. Qb4 Kc7 42. Qe7+ Kc6 43. Qf8 Qf4 44. Qe8+ Kc7 45. g5 Qxg5 46.
Qxf7+ Kd6 47. Qf8+ Kd7 48. Qf3 Kc7 49. Qc3+ Kd7 50. Qd2+ Ke8 51. Qd6 Be3 52.
Qxe6+ Kd8 53. Qe4 Bg1 54. Qe6 Bf2 55. Qd6+ Ke8 56. Qc6+ Ke7 57. Qf3 Qf6 58.
Qb7+ Kf8 59. a4 Qf7 60. Qb5 Qe8 1-0

[Event "DRUGA LIGA SRBIJE-GRUPA VOJVODINA-2019."]
[Site "Kovacica"]
[Date "2019.11.03"]
[Round "3.6"]
[White "Ilincic, Aleksa"]
[Black "Perisic, Radivoj"]
[Result "1-0"]
[WhiteElo "2168"]
[BlackElo "2223"]
[PlyCount "87"]
[EventDate "2019.11.01"]
[WhiteTeam "SK Vojvodina Novi Sad"]
[BlackTeam "SK Krajina Krajisnik"]

1. e4 c5 2. c3 e6 3. d4 d5 4. e5 Qb6 5. Nf3 Bd7 6. Bd3 cxd4 7. cxd4 Nc6 8. O-O
Rc8 9. a3 a5 10. Nbd2 Nge7 11. Nb3 Ng6 12. Be3 Be7 13. Rc1 Nd8 14. Rxc8 Bxc8
15. Nc5 Bxc5 16. dxc5 Qc7 17. Bd4 Bd7 18. Re1 Nc6 19. Bb1 Nxd4 20. Qxd4 a4 21.
h4 Ne7 22. h5 g6 23. Qh4 gxh5 24. Qf6 Rf8 25. Ng5 Qxc5 26. Nxh7 Rg8 27. Qh6 Kd8
28. Nf6 Re8 29. Nxe8 Bxe8 30. Qxh5 f5 31. Qh6 Kd7 32. Qe3 b6 33. Bd3 d4 34. Qg5
Qd5 35. Qc1 Bf7 36. Qc4 Qxc4 37. Bxc4 Kc6 38. Rc1 Kb7 39. f4 Nc6 40. Bb5 Na5
41. Bxa4 b5 42. Bxb5 Nb3 43. Rd1 Kb6 44. Ba4 1-0

[Event "DRUGA LIGA SRBIJE-GRUPA VOJVODINA-2019."]
[Site "Kovacica"]
[Date "2019.11.03"]
[Round "3.6"]
[White "Brajic, Djordje"]
[Black "Stikovic, Dobrica"]
[Result "0-1"]
[WhiteElo "2206"]
[BlackElo "2146"]
[PlyCount "163"]
[EventDate "2019.11.01"]
[WhiteTeam "SK Krajina Krajisnik"]
[BlackTeam "SK Vojvodina Novi Sad"]

1. e4 e6 2. d4 d5 3. exd5 exd5 4. Bd3 Bd6 5. c3 Nc6 6. Qc2 Bg4 7. Be3 Nge7 8.
Nd2 Qd7 9. Ngf3 Bf5 10. O-O-O O-O-O 11. h3 h5 12. Nh4 Bxd3 13. Qxd3 Rde8 14. c4
Nb4 15. Qb3 dxc4 16. Nxc4 Qc6 17. d5 Nbxd5 18. Kb1 Nxe3 19. Nxd6+ Kb8 20. Qxe3
cxd6 21. Rc1 Qa4 22. Qg3 Qe4+ 23. Ka1 Qe5 24. f4 Qf6 25. Rhd1 Rc8 26. f5 Rxc1+
27. Rxc1 Rc8 28. Rxc8+ Kxc8 29. Qf2 Nc6 30. a3 Qd4 31. Qe1 Qe5 32. Qf2 Qe4 33.
f6 g6 34. Nf3 Qf5 35. Qh4 a6 36. Nd2 Qd5 37. Nc4 Qd1+ 38. Ka2 Qd5 39. Ka1 Kc7
40. Ne3 Qd4 41. Qg5 Ne5 42. Ka2 Kd7 43. g4 hxg4 44. hxg4 Nd3 45. Nd1 Qc4+ 46.
Kb1 Ne5 47. Ne3 Qe4+ 48. Ka2 b5 49. Qh6 Nxg4 50. Nxg4 Qxg4 51. Qh8 Qc4+ 52. Ka1
Qf1+ 53. Ka2 Ke6 54. Qd8 Qxf6 55. Qc8+ Ke7 56. Qxa6 Qe6+ 57. Ka1 Qc4 58. Qb7+
Ke6 59. Qb8 Qc6 60. Qf8 d5 61. Qd8 Qd7 62. Qb6+ Ke7 63. Qc5+ Kf6 64. Qd4+ Kg5
65. Qe3+ Kh5 66. Qf3+ Kh6 67. Qf6 Kh7 68. Qe5 Qf5 69. Qd6 Qf1+ 70. Ka2 Qc4+ 71.
Ka1 d4 72. Qf6 d3 73. Qf2 Kg7 74. Qe3 Qd5 75. Qd2 g5 76. b3 Kg6 77. Kb2 Qd4+
78. Qc3 Qxc3+ 79. Kxc3 Kf5 80. Kxd3 Ke5 81. a4 bxa4 82. bxa4 0-1